| 000 | 01828nam a2200241 a 4500 | ||
|---|---|---|---|
| 001 | 000032891 | ||
| 005 | 20240409073643.0 | ||
| 008 | 110801t1947 dr 001 0 spa d | ||
| 040 |
_aDO-SdBNP _bspa _cBNPHU |
||
| 082 |
_a341.488 _bH474d |
||
| 100 | 1 |
_aHelfant, Henry _953943 |
|
| 245 | 1 | 3 |
_aLa doctrina Trujillo del asilo diplomático humanitario / _cHenry Helfant. |
| 260 |
_aMéxico : _bOffset Continente, _c1947. |
||
| 300 |
_a389 p. ; _c22 cm. |
||
| 500 | _aIncluye bibliografía y notas al pie de páginas. | ||
| 504 | _aBibligrafía de la guerra civil española y del asilo diplomático (1936-1939) : p.373-389. | ||
| 505 | 0 |
_tAl que leyere -- _tEl asilo Diplomático Humanitario -- _tLa tragedia de Madrid -- _tLa lucha contra el hambre -- _tGenerosidad del pueblo español -- _tDiplomacia y diplomáticos -- _tEl derecho de asilo, teoría y práctica -- _tActividades del cuerpo diplomático extranjero durante la guerra civil española -- _tEl Presidente Trujillo enuncia su doctrina del asilo Diplomático Humanitario -- _tEspisodio bochornoso: la Embajada de Alemania -- _tEl gobierno abandona Madrid -- _tEl incidente "Finlandés" y la posición del Gobierno de Trujillo en el problema de los asilados -- _tActividades del Secretario General -- _tEl derecho de asilo en Madrid -- _tLos anexos a las sedes diplomáticas -- _tActitud de los asilados -- _tManifetaciones políticas en el refugio -- _tAnécdotas y abusos -- _tBibligrafía de la guerra civil española y del asilo diplomático (1936-1939). |
|
| 650 | 4 |
_aDerecho de asilo _zRepública Dominicana _xHistoria _yERA DE TRUJILLO, 1930-1961 _958660 |
|
| 651 | 4 |
_aRepública Dominicana _xRelaciones Exteriores _92258 |
|
| 651 | 4 |
_aRepública Dominicana _xPolítica Y Gobierno _yERA DE TRUJILLO, 1930-1961 _91374 |
|
| 910 | _aValidado. Control de calidad EMS. | ||
| 049 | _aBNPD | ||
| 999 |
_c32382 _d32382 |
||